000 00446cam a22001934a 4500
005 20250605164322.0
008 250528s ||||||||||||||||||||||||d
035 _a22949
020 _a9780415240871
040 _aGR-AtMCL
_bgre
_dGR-AtMCL
_eAACR2
245 1 _aREPORTING FOR JOURNALISTS
250 _a1
260 _bRouledge,
_c2002
300 _a169
700 1 _aFrost Chris
_98564
942 _cBK
999 _c7991
_d7991